00835cam a2200241 a 4500001000800000005001700008008004100025010001700066020002900083040003000112041001100142080001700153082002100170100000600191101000800197240005000205245010700255504004100362906004500403942001200448999001700460952011600477334289420180125082047.0851002m19009999gw a b 001 0 eng  a 85211846  a0387912592 (v. l : U.S.) aDLCcDLCdDLCdOCoLCdDLC1 aengger a636.0891 jam00a636.0891 jam2191 a6 aana10aLehrbuch der Anatomie der Haustiere.lEnglish14aThe anatomy of the domestic animals /cfounded by Richard Nickel, August Schummer, and Eugen Seiferle. aIncludes bibliographies and indexes. a7bcbccorignewd2encipf19gy-gencatlg 2ddccBK c40955d40955 00102udc40708PËKGa002b002cPËKGd2018-01-25l0o636.0891 jamp002-2996576r2018-01-25w2018-01-25yBK